Právna výchova - dôležitá úloha hromadných oznamovacích prostriedkov (K 60. výročiu založenia Rudého práva.)

Bibliographic Details
Main Author: Ožvolda, Vincent (Author)
Format: Article
Language:Slovak
Subjects:

MARC

LEADER 00000nab a2200000 a 4500
001 vtls000070313
003 SK-MaSNL
005 20260303025348.0
008 140506c1980 xo 0 slo
015 |a SNBRB19rr/mm-uuuuu 
035 |a CL0080414 
040 |a SNKBUCL  |b slo  |c SNKBUCL  |e AACR2 
041 0 |a slo 
044 |a xo  |c SK 
080 |a 340  |2 1981 
080 |a 07  |2 1981 
080 |a 654.19  |2 1981 
080 |a 654.197  |2 1981 
100 1 |a Ožvolda, Vincent  |4 aut  |9 930882 
245 1 0 |a Právna výchova - dôležitá úloha hromadných oznamovacích prostriedkov  |b (K 60. výročiu založenia Rudého práva.)  |c Vincent Ožvolda 
650 0 7 |a výchova právna  |2 snkbucl  |9 848605 
650 0 7 |a tlač  |2 snkbucl  |9 1413 
650 0 7 |a rozhlas  |2 snkbucl  |9 18755 
650 0 7 |a televízia  |2 snkbucl  |9 16407 
655 7 |a články z novín a časopisov  |2 snkbucl  |9 267496 
773 0 |t Socialistické súdnictvo  |g Roč. 32, č. 9 (1980), s. 1-7 
850 |a Slovenská národná knižnica v Martine  |a MTA001 
852 |a SNK  |b KIS3GCP 
958 |a RK 
992 |a RBX 
999 |c 1645923  |d 1647853